Renewable Energy : (Record no. 14995)

MARC details
000 -LEADER
fixed length control field 00833cam a22002658a 4500
001 - CONTROL NUMBER
control field 16284772
005 - DATE AND TIME OF LATEST TRANSACTION
control field 20150928134154.0
008 - FIXED-LENGTH DATA ELEMENTS--GENERAL INFORMATION
fixed length control field 100615s2011 mau | b 001 0 eng
010 ## - LIBRARY OF CONGRESS CONTROL NUMBER
LC control number 2010022708
020 ## - INTERNATIONAL STANDARD BOOK NUMBER
International Standard Book Number 9780123750259 (alk. paper)
040 ## - CATALOGING SOURCE
Original cataloging agency DLC
Transcribing agency DLC
082 04 - DEWEY DECIMAL CLASSIFICATION NUMBER
Classification number 621.042
Edition number 22
Item number SOR
100 1# - MAIN ENTRY--PERSONAL NAME
Personal name Sorensen, Bent
9 (RLIN) 22509
245 10 - TITLE STATEMENT
Title Renewable Energy :
Remainder of title Physics, Engineering, Environmental impacts, Economics & Planning /
Statement of responsibility, etc Bent Sorensen
250 ## - EDITION STATEMENT
Edition statement 4th ed.
260 ## - PUBLICATION, DISTRIBUTION, ETC. (IMPRINT)
Place of publication, distribution, etc Burlington, MA :
Name of publisher, distributor, etc Academic Press, 2011
Date of publication, distribution, etc 2011.
300 ## - PHYSICAL DESCRIPTION
Extent 954 p. :
Other physical details ill. ;
Dimensions 22 cm.
500 ## - GENERAL NOTE
General note Index : p. 943-954.
504 ## - BIBLIOGRAPHY, ETC. NOTE
Bibliography, etc Bibliography : p. 901-942.
590 ## - LOCAL NOTE (RLIN)
Local note SAMEH
650 #0 - SUBJECT ADDED ENTRY--TOPICAL TERM
Topical term or geographic name as entry element Renewable energy sources.
9 (RLIN) 22510
Source of heading or term BUEsh
651 ## - SUBJECT ADDED ENTRY--GEOGRAPHIC NAME
Source of heading or term BUEsh
942 ## - ADDED ENTRY ELEMENTS (KOHA)
Source of classification or shelving scheme Dewey Decimal Classification
Item type Book - Borrowing
Holdings
Withdrawn status Item status Source of classification or shelving scheme Damaged status Not for loan Vendor Home library Current library Shelving location Date acquired Source of acquisition Cost, normal purchase price Serial Enumeration / chronology Total Checkouts Total Renewals Full call number Barcode Date last seen Date last borrowed Koha item type
    Dewey Decimal Classification     Baccah Central Library Central Library First floor 13/03/2011   480.00 11866 5 33 621.042 SOR 000022928 15/07/2025 19/02/2015 Book - Borrowing